| Tag |
First Indicator |
Second Indicator |
Subfields |
| LEADER |
00000cam a2200000 a 4500 |
| 001 |
in00002781299 |
| 005 |
20150922121822.0 |
| 008 |
120213s2012 nyu 001 0 eng |
| 010 |
|
|
|a 2012003852
|
| 020 |
|
|
|a 9780199755035
|
| 020 |
|
|
|a 0199755035
|
| 020 |
|
|
|a 9780199755042
|
| 020 |
|
|
|a 0199755043
|
| 035 |
|
|
|a (OCoLC)ocn773671582
|
| 040 |
|
|
|a DLC
|c DLC
|d TXA
|d UtOrBLW
|
| 049 |
|
|
|a TXAM
|
| 050 |
0 |
0 |
|a BL65.W2
|b J87 2012
|
| 082 |
0 |
0 |
|a 201/.7273
|2 23
|
| 245 |
0 |
0 |
|a Just wars, holy wars, and jihads :
|b Christian, Jewish, and Muslim encounters and exchanges /
|c edited by Sohail H. Hashmi.
|
| 264 |
|
1 |
|a New York :
|b Oxford University Press,
|c [2012]
|
| 264 |
|
4 |
|c ©2012
|
| 300 |
|
|
|a xvi, 434 pages ;
|c 25 cm.
|
| 336 |
|
|
|a text
|b txt
|2 rdacontent
|
| 337 |
|
|
|a unmediated
|b n
|2 rdamedia
|
| 338 |
|
|
|a volume
|b nc
|2 rdacarrier
|
| 504 |
|
|
|a Includes bibliographical references and index.
|
| 650 |
|
0 |
|a War
|x Religious aspects.
|
| 650 |
|
0 |
|a Just war doctrine.
|
| 650 |
|
0 |
|a Jihad.
|
| 650 |
|
0 |
|a War
|x Religious aspects
|x Christianity.
|
| 650 |
|
0 |
|a War
|x Religious aspects
|x Judaism.
|
| 650 |
|
0 |
|a War
|x Religious aspects
|x Islam.
|
| 700 |
1 |
|
|a Hashmi, Sohail H.,
|d 1962-
|
| 945 |
|
|
|a PromptCat
|
| 948 |
|
|
|a cataloged
|b h
|c 2012/10/5
|d c
|e dmitchel
|f 8:30:20 am
|
| 994 |
|
|
|a C0
|b TXA
|
| 999 |
|
|
|a MARS
|
| 999 |
f |
f |
|s 17aa3f9f-7883-31c9-b97a-826ca8ab80f6
|i fe3960c4-1c11-3000-9ad5-856b3dca08ba
|t 0
|
| 952 |
f |
f |
|p normal
|a Texas A&M University
|b College Station
|c Sterling C. Evans Library
|d Evans: Library Stacks
|t 0
|e BL65.W2 J87 2012
|h Library of Congress classification
|i unmediated -- volume
|m A14835996958
|
| 998 |
f |
f |
|a BL65.W2 J87 2012
|t 0
|l Evans: Library Stacks
|